000 01106naa a22002897a 4500
001 BR9400410
003 BR-BrBNA
005 20240918180928.0
007 ta
008 230509b bl.||||| |||| 00| 0 por d
040 _aBR-BrBNA
_bpor
_cBiblioteca Nacional de Agricultura
041 _a(Pt)
072 _aM01
_b/G514
090 _aM01 BR9400410
100 1 _aPetrere Junior, M.
111 1 _aSeminario Internacional sobre Meio Ambiente, Pobreza e Desenvolvimento da Amazonia
_cBelem, PA (Brazil)
_d16-19 Feb 1992
245 1 _aPesca na amazonia
260 3 _aBelem, PA (Brasil):
_c1992.
500 _aSeminario Internacional sobre Meio Ambiente, Pobreza e Desenvolvimento da Amazonia. SIMDAMAZONIA. Anais Belem, PA (Brasil): 1992. p. 72-78 (BR9400410-AM)M01
650 _aPesca
650 _aManejo
650 _aRecurso Pesqueiro
650 _aAmazonia
773 0 _tSeminario Internacional sobre Meio Ambiente, Pobreza e Desenvolvimento da Amazonia. SIMDAMAZONIA. Anais
_wM01 BR9400410
_gBelem, PA (Brasil), 1992. p. 72-78
909 _a202404
_bLucia
_c55
_dLucia Elande
942 _cAM
_2AGRIS
999 _c322733
_d322733